| 000 | 01174naa a22003257a 4500 | ||
|---|---|---|---|
| 001 | BR8005676 | ||
| 003 | BR-BrBNA | ||
| 005 | 20240918174650.0 | ||
| 007 | ta | ||
| 008 | 230509b bl.||||| |||| 00| 0 por d | ||
| 040 |
_aBR-BrBNA _bpor _cBiblioteca Nacional de Agricultura |
||
| 041 | _a(Pt) | ||
| 072 |
_aF00; F30 _b0170 _bG514 |
||
| 090 | _aF00 BR8005676 | ||
| 100 | 1 | _aCarmo, C.M. do | |
| 100 | 1 | _aAlves, J.F. | |
| 100 | 1 | _aSantos, J.H.R. dos | |
| 245 | 1 | _aCompeticao de cultivares de sorgo granifero, Sorghum bicolor (L.)Moench, no Estado do Ceara, Brasil | |
| 260 | 3 |
_aFortaleza, CE (Brasil): _c1980. |
|
| 500 | _aAvaliacao das pesquisas realizadas com a cultura do sorgo no Estado do Ceara 1975-1978 Fortaleza, CE (Brasil): 1980. p. 1-20 (BR8005676-AM)F00 | ||
| 650 | _aSORGO GRANIFERO | ||
| 650 | _aCOMPETICAO DE VARIEDADE | ||
| 650 | _aHIBRIDO | ||
| 650 | _aADUBACAO | ||
| 650 | _aMELHORAMENTO VEGETAL | ||
| 650 | _aCEARA | ||
| 773 | 0 |
_tAvaliacao das pesquisas realizadas com a cultura do sorgo no Estado do Ceara 1975-1978 _wF00 BR8005676 _gFortaleza, CE (Brasil), 1980. p. 1-20 |
|
| 909 |
_a202404 _bLucia _c55 _dLucia Elande |
||
| 942 |
_cAM _2AGRIS |
||
| 999 |
_c312717 _d312717 |
||